00370pab a2200133 454500008004000000100002700040245004400067260000900111300001400120362001200134650003900146650002200185773002900207180718b2012 xxu||||| |||| 00| 0 eng d aSingh, Deoranjan Kumar aOPEDA - Child tracking system in Odisha c2012 ap.91-101. aJul-Sep aPrimary education - India - Odisha aPrimary education aManagement in Government